Estadísticas para Premios Nobeles

Haz click aquí para intentar la prueba.

Estadísticas generales

  • Esta prueba ha sido intentada 1.811 veces
  • La puntuación promedio es 5 de 6

Estadísticas de respuestas

Premio% Correcto
Paz
95%
Literatura
92%
Física
89%
Química
87%
Fisiología o Medicina
72%
Ciencias economicas
56%

Distribución de puntuación

Porcentaje por número respondido

Porcentaje de gente con cada puntuación

Historial de tus puntuaciones

No has intentado esta prueba.